All Dragon Ball Transformations - Statistics

General Stats
  • This quiz has been taken 65 times
    64 since last reset
  • The average score is 30 of 96
Answer Stats
Picture Answer % Correct
Super Saiyan
94%
Super Saiyan 2
92%
Super Saiyan 3
92%
Super Saiyan 4
92%
Kaioken
82%
Super Saiyan God
80%
Orange Piccolo
78%
Super Saiyan Blue
78%
Beast Gohan
71%
Great Ape
71%
Super Saiyan B-Type
71%
Super Saiyan Blue Kaioken
63%
Super Saiyan Rose
61%
Kaioken X20
59%
Kaioken X3
59%
Super Saiyan Rage
59%
Ultimate Gohan
59%
Kaioken X4
57%
Majin Buu
57%
Perfect Cell
57%
Ultra Ego -Sign-
57%
Ultra Instinct -Sign-
57%
Gotenks
55%
Super Buu
53%
Super Saiyan Berserk
53%
Vegito
53%
Black Frieza
51%
Golden Frieza
51%
Super Saiyan Grade 2
51%
Super Saiyan Grade 3
51%
Gogeta
49%
Kefla
47%
Evil Buu
45%
Buuhan
43%
Mastered Ultra Instinct
43%
False Super Saiyan
41%
Fused Zamasu
39%
Super Saiyan Blue Evolution
39%
Buutenks
37%
Golden Great Ape
37%
Meta-Cooler
35%
Semi-Perfect Cell
35%
Super 17
35%
Super Perfect Cell
33%
Great Namekian
31%
Omega Shenron
29%
Max Power
24%
Super Saiyan Grade 4
22%
Wolf-man
22%
Kibito Kai
20%
Legendary Saiyan
20%
Majuub
20%
Perfected Super Saiyan Blue
20%
Potential Unleashed
18%
Super Janemba
18%
Wrathful
18%
1st Form Frieza
16%
2nd Form Frieza
16%
3rd Form Frieza
16%
Infinite Zamasu
16%
Cooler Final Form
14%
Kaioken X100
14%
Agnilasa
12%
Controlled Super Saiyan
12%
God of Destruction Toppo
12%
Good Buu
12%
Super Saiyan Full Power
12%
Veku
12%
Super Android 13
10%
Third Eye Gomah
10%
Monster Form
8%
Super Saiyan A-Type
8%
Super Saiyan C-Type
8%
Angel Moro
6%
Buuiccolo
6%
Planet Moro
6%
Super Bojack
6%
Giant Lord Slug
4%
Grade 3 Cell
4%
Huge Buu
4%
Strongest Form 1
4%
Strongest Form 2
4%
Super Garlic Jr.
4%
Aka
2%
Final Form Frieza 100% Max Power
2%
Hyper Meta-Rilldo
2%
Metal Rilldo
2%
Moro 7-3
2%
Super Saiyan 2 Berserk
2%
Awakened Form
0%
Hirudegarn True Form
0%
Monstrous King Gurumes
0%
Naturon Shenron Dragon Form
0%
Naturon Shenron Mole Form
0%
Princess Oto
0%
Unleashed Instincts
0%
No matching quizzes found
Score Distribution
Percent of People with Each Score
Percentile by Number Answered
Your Score History
You have not taken this quiz since the last reset